| 000 | 00754nam a22001817a 4500 | ||
|---|---|---|---|
| 999 |
_c371415 _d371415 |
||
| 008 | 201127b ||||| |||| 00| 0 eng d | ||
| 040 |
_aDE-2950 _bger _cDE-2950 _erda |
||
| 041 | _ager | ||
| 245 |
_aZwei Geständnisse im Fratelli-Prozess am Landgericht. _bDrogen: Für 3600 Euro wurde Marihuana eingekauft, für bis zu 4000 verkauft. Es gab nun zwei Geständnisse - doch damit ist der Prozess nicht zu Ende / _cLisa Mahlke |
||
| 264 | _c2022 | ||
| 653 | _aFrankfurt (Oder) | ||
| 653 | _aDrogenkriminalität | ||
| 773 |
_dFrankfurt (Oder) Märkisches Verlags- und Druckhaus GmbH & Co KG _tMärkische Oderzeitung _g33. Jahrgang (2022) Nr. 32 vom 08.02.2022, S. 16 |
||
| 942 | _cA | ||